Kadry filmowe Spielberga - nagła śmierć - Statystyki

Ogólne statystyki
  • Ten quiz został rozwiązany 4 098 razy
  • Średni wynik to 4 z 10
Answers on the Grid
Answers color-coded by a green-red scale on the quiz's grid according to % correct below.
 
Statystyki odpowiedzi
Odpowiedź % Poprawnych
Park Jurajski
54%
Szczęki
53%
Poszukiwacze zaginionej Arki
52%
E.T. The Extra-Terrestrial
46%
Szeregowiec Ryan
45%
Lista Schindlera
36%
Lincoln
27%
Przygody Tintina
26%
Raport mniejszości
25%
Bliskie spotkania trzeciego stopnia
25%
Nie znaleziono quizów pasujących do podanych kryteriów
Rozkład punktacji
Procent ludzi z każdym wynikiem
Percentyl według liczby udzielonych odpowiedzi
Twoja historia wyników
Nie rozwiązałeś tego quizu